[Event "ISR-chT"]
[Site "Israel"]
[Date "2020.02.07"]
[Round "5.5"]
[White "Gulko, Boris F"]
[Black "Kantarji, Pinchas"]
[Result "1/2-1/2"]
[WhiteElo "2537"]
[BlackElo "2440"]
[PlyCount "56"]
[EventDate "2020.01.10"]
[EventType "team-tourn"]
[EventRounds "11"]
[EventCountry "ISR"]
[SourceTitle "CBM 194 Extra"]
[Source "ChessBase"]
[SourceDate "2020.03.31"]
[SourceVersion "1"]
[SourceVersionDate "2020.03.31"]
[SourceQuality "1"]
[WhiteTeam "Ashdod Elite"]
[BlackTeam "Petah Tikva Elitzur Dov"]
[WhiteTeamCountry "ISR"]
[BlackTeamCountry "ISR"]

1. c4 Nf6 2. Nc3 c5 3. g3 Nc6 4. Bg2 e6 5. Nf3 d5 6. cxd5 Nxd5 7. 0-0 Be7 8. d4 cxd4 9. Nxd5 Qxd5 10. Nxd4 Qd7 11. Nxc6 bxc6 12. Qc2 Bb7 13. Rd1 Qc8 14. Be3 0-0 15. Bc5 Re8 16. Bxe7 Rxe7 17. Rac1 Rc7 18. Qc5 Qf8 19. b4 Qxc5 20. Rxc5 a6 21. Rdc1 Rac8 22. a4 Kf8 23. b5 axb5 24. axb5 Ke7 25. bxc6 Ba8 26. R5c3 Kd6 27. Rd1+ Ke7 28. Rdc1 Kd6 1/2-1/2

[Event "Rockville Razuvaev Memorial"]
[Site "Rockville"]
[Date "2013.08.09"]
[Round "2"]
[White "Kosteniuk, Alexandra"]
[Black "Gulko, Boris F"]
[Result "1/2-1/2"]
[WhiteElo "2488"]
[BlackElo "2533"]
[PlyCount "77"]
[EventDate "2013.08.08"]
[EventType "schev"]
[EventRounds "4"]
[EventCountry "USA"]
[SourceTitle "CBM 155 Extra"]
[Source "ChessBase"]
[SourceDate "2013.08.26"]
[SourceVersion "1"]
[SourceVersionDate "2013.08.26"]
[SourceQuality "1"]
[WhiteTeam "Women"]
[BlackTeam "Friends of Razuvaev"]
[WhiteTeamCountry "USA"]
[BlackTeamCountry "USA"]

1. e4 c5 2. Nf3 Nc6 3. d4 cxd4 4. Nxd4 Nf6 5. Nc3 d6 6. Bg5 e6 7. Qd2 Be7 8. 0-0-0 0-0 9. f4 h6 10. Bh4 Nxd4 11. Qxd4 Qa5 12. e5 dxe5 13. Qxe5 Qxe5 14. fxe5 Nd5 15. Bxe7 Nxe7 16. Bd3 b6 17. Be4 Rb8 18. Rhe1 Bb7 19. Rd7 Bxe4 20. Rxe4 Nc6 21. Nb5 Rfd8 22. Rc7 Rdc8 23. Rxc8+ Rxc8 24. Rc4 Ne7 25. Rxc8+ Nxc8 26. Kd2 Kf8 27. Ke3 Ke7 28. c4 Kd7 29. g4 a6 30. Nd4 Ne7 31. Ke4 f6 32. h4 Ng6 33. Nf3 a5 34. b3 Ne7 35. a3 Nc6 36. Kf4 Ke7 37. Ke4 Kd7 38. Kf4 Ke7 39. Ke4 1/2-1/2

[Event "USA tt"]
[Site "ICC INT"]
[Date "2012.11.07"]
[Round "10"]
[White "Herman, Matthew J"]
[Black "Gulko, Boris F"]
[Result "1/2-1/2"]
[WhiteElo "2385"]
[BlackElo "2533"]
[PlyCount "100"]
[EventDate "2012.09.04"]
[EventType "team-tourn"]
[EventRounds "10"]
[EventCountry "USA"]
[SourceTitle "EXT 2013"]
[Source "ChessBase"]
[SourceDate "2012.11.22"]
[SourceVersion "1"]
[SourceVersionDate "2012.11.22"]
[SourceQuality "1"]
[WhiteTeam "New York"]
[BlackTeam "New Jersey"]
[WhiteTeamCountry "USA"]
[BlackTeamCountry "USA"]

1. e4 c5 2. Nf3 e6 3. d4 cxd4 4. Nxd4 a6 5. Bd3 Bc5 6. Nb3 Be7 7. Be3 Nf6 8. f4 d6 9. N1d2 b6 10. Qe2 Bb7 11. 0-0-0 Nc6 12. c3 b5 13. Nf3 Qc7 14. Kb1 e5 15. f5 b4 16. c4 Nd7 17. g4 a5 18. g5 a4 19. Nbd2 Nc5 20. h4 a3 21. b3 0-0-0 22. Bc2 h6 23. Qg2 Rdg8 24. Rh3 Kb8 25. Rg1 Qd8 26. Rg3 hxg5 27. hxg5 Qf8 28. g6 fxg6 29. Rxg6 Bf6 30. Qf2 Rh5 31. R6g4 Rgh8 32. Nf1 Rh3 33. Ng3 Qe7 34. Ne2 Nd4 35. Nfxd4 exd4 36. Bxd4 Nxe4 37. Bxe4 Bxe4+ 38. Kc1 Rh2 39. Bxf6 Qxf6 40. Qb6+ Bb7 41. Nd4 Qh6+ 42. Rg5 Rxa2 43. Nc6+ Kc8 44. Na7+ Kb8 45. Nc6+ Kc8 46. Na7+ Kb8 47. Nc6+ Kc8 48. Na7+ Kb8 49. Nc6+ Kc8 50. Na7+ Kb8 1/2-1/2

[Event "USA tt"]
[Site "ICC INT"]
[Date "2012.10.24"]
[Round "8"]
[White "Gulko, Boris F"]
[Black "Wang, Kevin A"]
[Result "0-1"]
[WhiteElo "2533"]
[BlackElo "2274"]
[PlyCount "90"]
[EventDate "2012.09.04"]
[EventType "team-tourn"]
[EventRounds "10"]
[EventCountry "USA"]
[SourceTitle "EXT 2013"]
[Source "ChessBase"]
[SourceDate "2012.11.22"]
[SourceVersion "1"]
[SourceVersionDate "2012.11.22"]
[SourceQuality "1"]
[WhiteTeam "New Jersey"]
[BlackTeam "Baltimore"]
[WhiteTeamCountry "USA"]
[BlackTeamCountry "USA"]

1. d4 d5 2. c4 e6 3. Nc3 c6 4. e4 Bb4 5. cxd5 exd5 6. e5 c5 7. a3 Bxc3+ 8. bxc3 Ne7 9. Nf3 0-0 10. Bd3 Bf5 11. 0-0 Nbc6 12. dxc5 Bxd3 13. Qxd3 Ng6 14. Rd1 Qc7 15. Qf5 Nce7 16. Qh5 Qxc5 17. Rb1 b6 18. Nd4 Nc6 19. Nf5 Nce7 20. Nxg7 Kxg7 21. Bh6+ Kg8 22. Rd3 Qc4 23. Rh3 Qe4 24. Rd1 Nf5 25. Bxf8 Nfh4 26. Qg5 Rxf8 27. Re3 Qf5 28. Qxf5 Nxf5 29. Rf3 Nfe7 30. Re3 Rc8 31. g3 Rc4 32. f4 Ra4 33. Ra1 Nf8 34. Kf2 Ne6 35. Kf3 Kg7 36. Ree1 Rc4 37. Re3 d4 38. Rd3 dxc3 39. Rc1 c2 40. Ke3 Nf5+ 41. Kd2 Nfd4 42. Rf1 Nc5 43. Rxd4 Rxd4+ 44. Kxc2 Rd3 45. f5 Rxa3 0-1

[Event "USA tt"]
[Site "ICC INT"]
[Date "2012.09.24"]
[Round "4"]
[White "Korley, Kassa"]
[Black "Gulko, Boris F"]
[Result "0-1"]
[WhiteElo "2280"]
[BlackElo "2533"]
[PlyCount "64"]
[EventDate "2012.09.04"]
[EventType "team-tourn"]
[EventRounds "10"]
[EventCountry "USA"]
[SourceTitle "CBM 150 Extra"]
[Source "ChessBase"]
[SourceDate "2012.10.19"]
[SourceVersion "1"]
[SourceVersionDate "2012.10.19"]
[SourceQuality "1"]
[WhiteTeam "Carolina"]
[BlackTeam "New Jersey"]
[WhiteTeamCountry "USA"]
[BlackTeamCountry "USA"]

1. g3 e5 2. c4 c6 3. Bg2 d5 4. Nf3 e4 5. Nd4 dxc4 6. Nc2 f5 7. Ne3 Be6 8. Na3 Qd4 9. Nac2 Qd7 10. b3 cxb3 11. axb3 Be7 12. 0-0 Na6 13. Ra5 Nf6 14. Bb2 c5 15. Nc4 0-0 16. N2e3 Nb4 17. Qa1 Nc6 18. Ra3 Rad8 19. Rd1 a6 20. Ne5 Nxe5 21. Bxe5 Bd6 22. Bc3 Qe7 23. Nc4 Bc7 24. Na5 Bb8 25. Qc1 Bd5 26. Bb2 f4 27. Nc4 b5 28. Nb6 Bb7 29. Qa1 Qd6 30. Na8 Rf7 31. d3 fxg3 32. hxg3 Ng4 0-1

[Event "Snowdrops-Old Hands"]
[Site "Marianske Lazne"]
[Date "2011.12.03"]
[Round "1"]
[White "Gulko, Boris F"]
[Black "Sachdev, Tania"]
[Result "1/2-1/2"]
[WhiteElo "2535"]
[BlackElo "2428"]
[PlyCount "69"]
[EventDate "2011.12.03"]
[EventType "schev"]
[EventRounds "8"]
[EventCountry "CZE"]
[SourceTitle "CBM 145 Extra"]
[Source "ChessBase"]
[SourceDate "2012.01.03"]
[SourceVersion "1"]
[SourceVersionDate "2012.01.03"]
[SourceQuality "1"]
[WhiteTeam "Old Hands"]
[BlackTeam "Snowdrops"]
[WhiteTeamCountry "CZE"]
[BlackTeamCountry "CZE"]

1. d4 Nf6 2. c4 e6 3. Nc3 Bb4 4. e3 0-0 5. Bd3 d5 6. Nf3 c5 7. 0-0 dxc4 8. Bxc4 Nc6 9. a3 Bxc3 10. bxc3 Qc7 11. Ba2 e5 12. h3 e4 13. Nh2 b6 14. Bb2 Ba6 15. c4 cxd4 16. exd4 Qf4 17. Qc1 Qxc1 18. Raxc1 Rac8 19. d5 Na5 20. Bxf6 gxf6 21. Ng4 Bxc4 22. Bxc4 Rxc4 23. Nxf6+ Kg7 24. Nh5+ Kh6 25. Nf4 Kg5 26. g3 Rd8 27. a4 Rd7 28. Rfd1 Rxa4 29. d6 Rc4 30. Rd5+ f5 31. Rcd1 Kf6 32. Nh5+ Ke6 33. Nf4+ Kf6 34. Nh5+ Ke6 35. Nf4+ 1/2-1/2

[Event "Leon op 2nd"]
[Site "Leon"]
[Date "2010.01.03"]
[Round "9"]
[White "Gulko, Boris F"]
[Black "Del Rio de Angelis, Salvador Gabriel"]
[Result "1/2-1/2"]
[WhiteElo "2535"]
[BlackElo "2524"]
[PlyCount "80"]
[EventDate "2010.01.01"]
[EventType "swiss (rapid)"]
[EventRounds "9"]
[EventCountry "ESP"]
[SourceTitle "CBM 134 Extra"]
[Source "ChessBase"]
[SourceDate "2010.03.03"]
[SourceVersion "1"]
[SourceVersionDate "2010.03.03"]
[SourceQuality "1"]

1. d4 e6 2. c4 Nf6 3. Nc3 Bb4 4. e3 0-0 5. Bd3 d5 6. a3 Bxc3+ 7. bxc3 dxc4 8. Bxc4 c5 9. Nf3 Qa5 10. Bd2 Ne4 11. 0-0 Nxd2 12. Qxd2 Nd7 13. Qd3 b6 14. e4 cxd4 15. cxd4 Bb7 16. e5 Rfd8 17. Ng5 Nf8 18. f4 Bd5 19. Rac1 Rac8 20. Ne4 Bxe4 21. Qxe4 b5 22. Bd3 Rxc1 23. Rxc1 Qxa3 24. Rd1 b4 25. Bc4 Qa4 26. Qd3 Ng6 27. Bb3 Qa3 28. f5 exf5 29. Qc4 Rf8 30. Rc1 Qb2 31. e6 fxe6 32. Qxe6+ Kh8 33. Rc8 Qxd4+ 34. Kf1 Qd3+ 35. Kg1 Qb1+ 36. Kf2 Qb2+ 37. Ke1 Qa1+ 38. Kf2 Qd4+ 39. Kf1 Qf4+ 40. Kg1 Qd4+ 1/2-1/2

[Event "USA tt"]
[Site "ICC INT"]
[Date "2009.09.21"]
[Round "4"]
[White "Charbonneau, Pascal"]
[Black "Gulko, Boris F"]
[Result "0-1"]
[WhiteElo "2509"]
[BlackElo "2546"]
[PlyCount "120"]
[EventDate "2009.08.31"]
[EventType "team (rapid)"]
[EventRounds "10"]
[EventCountry "USA"]
[SourceTitle "CBM 132 Extra"]
[Source "ChessBase"]
[SourceDate "2009.11.03"]
[SourceVersion "1"]
[SourceVersionDate "2009.11.03"]
[SourceQuality "1"]

1. e4 c5 2. Nf3 e6 3. d4 cxd4 4. Nxd4 a6 5. Bd3 Bc5 6. Nb3 Be7 7. 0-0 d6 8. Qg4 g6 9. a4 Nf6 10. Qg3 Nh5 11. Qe3 e5 12. g3 Nd7 13. c4 0-0 14. Nc3 Ndf6 15. f3 Be6 16. Qf2 Rc8 17. Bh6 Ng7 18. Nd2 Nd7 19. Be3 f5 20. exf5 gxf5 21. f4 Nf6 22. Be2 Ng4 23. Bxg4 fxg4 24. Qe2 Qa5 25. Nce4 d5 26. cxd5 Qxd5 27. Nc3 Qa5 28. f5 Rxf5 29. Rxf5 Bxf5 30. Nc4 Qc7 31. Nb6 Re8 32. Ncd5 Qc2 33. Qxc2 Bxc2 34. Nc8 Bd8 35. Nd6 Rf8 36. Nxb7 Be4 37. Rd1 Bf3 38. Rd2 Kf7 39. b4 Ne6 40. b5 axb5 41. axb5 Bg5 42. Nd6+ Kg7 43. Nc4 Rd8 44. Bxg5 Nxg5 45. Nde3 Ra8 46. Nc2 Rf8 47. Nxe5 Be4 48. h4 Nh3+ 49. Kh2 Rf1 50. Rd7+ Kf8 51. Rf7+ Rxf7 52. Nxf7 Kxf7 53. Ne3 h5 54. b6 Ke6 55. Nf5 Kd7 56. b7 Kc7 57. Nd6 Bd5 58. Ne4 Kxb7 59. Nc3 Kc6 60. Ne4 Kb5 0-1

[Event "USA-ch"]
[Site "Saint Louis"]
[Date "2009.05.16"]
[Round "8"]
[White "Gulko, Boris F"]
[Black "Becerra Rivero, Julio"]
[Result "1/2-1/2"]
[WhiteElo "2561"]
[BlackElo "2609"]
[PlyCount "72"]
[EventDate "2009.05.08"]
[EventType "swiss"]
[EventRounds "9"]
[EventCountry "USA"]
[SourceTitle "CBM 130"]
[Source "ChessBase"]
[SourceDate "2009.05.20"]
[SourceVersion "1"]
[SourceVersionDate "2009.05.20"]
[SourceQuality "1"]

1. c4 g6 2. d4 Nf6 3. Nc3 Bg7 4. e4 d6 5. Be2 0-0 6. Be3 c5 7. d5 e6 8. Nf3 exd5 9. cxd5 b5 10. e5 dxe5 11. Bxc5 Re8 12. Bxb5 e4 13. Nd4 Nfd7 14. Ba3 Qb6 15. Nce2 Ba6 16. Qa4 e3 17. f3 Bxb5 18. Nxb5 Na6 19. 0-0 Nac5 20. Qc4 Rac8 21. Rac1 Qb8 22. Nbd4 Ne5 23. Qb4 Ncd3 24. Qxb8 Rxb8 25. Rc2 Bf8 26. Nc6 Nxc6 27. dxc6 Bxa3 28. bxa3 Rbc8 29. Rb1 Kg7 30. Rc3 Red8 31. g3 Ne5 32. Rxe3 Nxc6 33. Rc1 Nd4 34. Rxc8 Nxe2+ 35. Rxe2 Rxc8 36. Kf2 Rc3 1/2-1/2

[Event "USA-ch"]
[Site "Saint Louis"]
[Date "2009.05.12"]
[Round "5"]
[White "Ibragimov, Ildar"]
[Black "Gulko, Boris F"]
[Result "1/2-1/2"]
[WhiteElo "2586"]
[BlackElo "2561"]
[PlyCount "64"]
[EventDate "2009.05.08"]
[EventType "swiss"]
[EventRounds "9"]
[EventCountry "USA"]
[SourceTitle "CBM 130"]
[Source "ChessBase"]
[SourceDate "2009.05.20"]
[SourceVersion "1"]
[SourceVersionDate "2009.05.20"]
[SourceQuality "1"]

1. d4 Nf6 2. c4 e6 3. Nc3 Bb4 4. e3 0-0 5. Bd3 d5 6. Nf3 Nc6 7. 0-0 a6 8. a3 dxc4 9. Bxc4 Bd6 10. Qc2 e5 11. h3 Bd7 12. d5 Ne7 13. Rd1 Ng6 14. b4 Qe7 15. Nd2 Ne8 16. Nce4 a5 17. Rb1 axb4 18. axb4 Bxb4 19. Qb2 Bxd2 20. Bxd2 Bf5 21. Bd3 Nd6 22. Bb4 Bxe4 23. Bxe4 Ra7 24. Rdc1 f5 25. Bd3 e4 26. Bf1 f4 27. Qc2 fxe3 28. fxe3 Rf7 29. Bc5 b6 30. Bxd6 Qxd6 31. Qxe4 Ne5 32. Ra1 Rxa1 1/2-1/2

[Event "USA-ch"]
[Site "Saint Louis"]
[Date "2009.05.10"]
[Round "3"]
[White "Krush, Irina"]
[Black "Gulko, Boris F"]
[Result "1-0"]
[WhiteElo "2452"]
[BlackElo "2561"]
[PlyCount "107"]
[EventDate "2009.05.08"]
[EventType "swiss"]
[EventRounds "9"]
[EventCountry "USA"]
[SourceTitle "CBM 130"]
[Source "ChessBase"]
[SourceDate "2009.05.20"]
[SourceVersion "1"]
[SourceVersionDate "2009.05.20"]
[SourceQuality "1"]

1. d4 Nf6 2. c4 e6 3. Nc3 Bb4 4. Qc2 0-0 5. a3 Bxc3+ 6. Qxc3 d5 7. Nf3 dxc4 8. Qxc4 b6 9. Bf4 Ba6 10. Qxc7 Qd5 11. Qd6 Qe4 12. Rc1 Nbd7 13. Nd2 Qg6 14. f3 Rac8 15. Rxc8 Rxc8 16. Kf2 Qc2 17. e4 Bxf1 18. Rxf1 Qxb2 19. Qb4 Qc2 20. Qb3 Ne8 21. Ke2 Qc6 22. Nb1 Qc2+ 23. Qxc2 Rxc2+ 24. Bd2 f6 25. Kd3 Rc8 26. Rc1 Rxc1 27. Bxc1 Kf7 28. a4 Nd6 29. Na3 a6 30. Nc4 Nxc4 31. Kxc4 g5 32. Ba3 h5 33. Bd6 Ke8 34. g3 Kf7 35. f4 gxf4 36. gxf4 Kg6 37. f5+ Kf7 38. Kb4 e5 39. Kc4 b5+ 40. axb5 axb5+ 41. Kxb5 exd4 42. Kc4 Ne5+ 43. Kxd4 Ng4 44. Bg3 Ke7 45. Kd3 Nh6 46. Ke3 Nf7 47. Bf4 Kd7 48. Kf3 Kc6 49. Kg3 Kc5 50. Kh4 Kd4 51. Kxh5 Kxe4 52. Kg4 Kd5 53. h4 Kc6 54. Kh5 1-0

[Event "USA-ch"]
[Site "Saint Louis"]
[Date "2009.05.09"]
[Round "2"]
[White "Robson, Ray"]
[Black "Gulko, Boris F"]
[Result "1-0"]
[WhiteElo "2465"]
[BlackElo "2561"]
[PlyCount "87"]
[EventDate "2009.05.08"]
[EventType "swiss"]
[EventRounds "9"]
[EventCountry "USA"]
[SourceTitle "CBM 130"]
[Source "ChessBase"]
[SourceDate "2009.05.20"]
[SourceVersion "1"]
[SourceVersionDate "2009.05.20"]
[SourceQuality "1"]

1. e4 c5 2. Nf3 d6 3. d4 cxd4 4. Nxd4 Nf6 5. Nc3 Nc6 6. Bg5 e6 7. Qd2 Be7 8. 0-0-0 0-0 9. f4 h6 10. h4 Nxd4 11. Qxd4 Qa5 12. Kb1 e5 13. Qd2 Nxe4 14. Nxe4 Qxd2 15. Rxd2 hxg5 16. hxg5 exf4 17. Rf2 Bf5 18. Rxf4 Bxe4 19. Rfh4 f5 20. Rxe4 Bxg5 21. Bc4+ Rf7 22. Rd4 Rd8 23. Rh5 Bf6 24. Bxf7+ Kxf7 25. Rxf5 Re8 26. Rd1 Re2 27. g4 Ke6 28. Rf4 Kd7 29. a4 a5 30. Rd3 b6 31. Rb3 Kc6 32. Rc4+ Kb7 33. Rd3 Be5 34. Rf3 Bf6 35. Rf5 Rg2 36. Ka2 Rg1 37. c3 Rg3 38. Kb1 Rg1+ 39. Kc2 Rg2+ 40. Kd3 Ka6 41. b4 axb4 42. cxb4 Ra2 43. g5 Be5 44. b5+ 1-0

[Event "USA-ch"]
[Site "Saint Louis"]
[Date "2009.05.08"]
[Round "1"]
[White "Gulko, Boris F"]
[Black "Hughes, Tyler B"]
[Result "0-1"]
[WhiteElo "2561"]
[BlackElo "2230"]
[PlyCount "80"]
[EventDate "2009.05.08"]
[EventType "swiss"]
[EventRounds "9"]
[EventCountry "USA"]
[SourceTitle "CBM 130"]
[Source "ChessBase"]
[SourceDate "2009.05.20"]
[SourceVersion "1"]
[SourceVersionDate "2009.05.20"]
[SourceQuality "1"]

1. d4 Nf6 2. c4 g6 3. Nc3 Bg7 4. Bg5 d6 5. e3 0-0 6. Be2 h6 7. Bh4 c5 8. d5 Bf5 9. f3 g5 10. Bf2 e6 11. h4 exd5 12. hxg5 hxg5 13. cxd5 Qa5 14. Bd3 Bxd3 15. Qxd3 Nbd7 16. Nge2 Rfe8 17. Kf1 Ne5 18. Qf5 Nc4 19. Qxg5 Re5 20. Qf4 Nxb2 21. Rb1 Nd3 22. Qc4 Nxf2 23. Kxf2 Rae8 24. e4 R5e7 25. Rh4 Nd7 26. Rxb7 Ne5 27. Rxe7 Rxe7 28. Qb3 Qd8 29. Nd1 c4 30. Qe3 Rb7 31. Rh5 Nd3+ 32. Kg3 Rb1 33. Nf2 Be5+ 34. Rxe5 Nxe5 35. Nd4 Qf6 36. Nf5 Rb3 37. Qf4 Qg6+ 38. Ng4 Qxg4+ 39. Qxg4+ Nxg4 40. Kxg4 c3 0-1

[Event "Barcelona Casino"]
[Site "Barcelona"]
[Date "2008.11.03"]
[Round "5"]
[White "Dreev, Alexey"]
[Black "Gulko, Boris F"]
[Result "1/2-1/2"]
[WhiteElo "2670"]
[BlackElo "2552"]
[PlyCount "80"]
[EventDate "2008.10.30"]
[EventType "tourn"]
[EventRounds "9"]
[EventCountry "ESP"]
[EventCategory "14"]
[SourceTitle "CBM 127"]
[Source "ChessBase"]
[SourceDate "2008.11.13"]
[SourceVersion "1"]
[SourceVersionDate "2008.11.13"]
[SourceQuality "1"]

1. d4 Nf6 2. c4 g6 3. Nc3 d5 4. cxd5 Nxd5 5. Bd2 Bg7 6. e4 Nxc3 7. Bxc3 0-0 8. Nf3 Bg4 9. Be2 c5 10. d5 e6 11. 0-0 exd5 12. exd5 Nd7 13. Rc1 Qb6 14. Re1 Rfe8 15. Ng5 Bxe2 16. Rxe2 Nf6 17. Rxe8+ Rxe8 18. Qa4 Rd8 19. b3 Rxd5 20. Bxf6 Qxf6 21. Qe8+ Bf8 22. Qxf8+ Kxf8 23. Nxh7+ Kg7 24. Nxf6 Kxf6 25. Kf1 Rd2 26. Rxc5 Rxa2 27. Rc7 b6 28. h4 Rb2 29. Rxa7 Rxb3 30. Rb7 b5 31. g4 Rb4 32. h5 Rxg4 33. hxg6 Kxg6 34. Rxb5 Ra4 35. Kg2 Rg4+ 36. Kf3 Ra4 37. Kg2 Rg4+ 38. Kf3 Ra4 39. Rb3 f6 40. Kg2 Rc4 1/2-1/2

[Event "Barcelona Casino"]
[Site "Barcelona"]
[Date "2008.10.30"]
[Round "1"]
[White "Gulko, Boris F"]
[Black "Stefanova, Antoaneta"]
[Result "1/2-1/2"]
[WhiteElo "2552"]
[BlackElo "2548"]
[PlyCount "99"]
[EventDate "2008.10.30"]
[EventType "tourn"]
[EventRounds "9"]
[EventCountry "ESP"]
[EventCategory "14"]
[SourceTitle "CBM 127"]
[Source "ChessBase"]
[SourceDate "2008.11.13"]
[SourceVersion "1"]
[SourceVersionDate "2008.11.13"]
[SourceQuality "1"]

1. d4 d5 2. c4 c6 3. Nf3 Nf6 4. Nc3 a6 5. a4 e6 6. Bg5 a5 7. e4 dxe4 8. Nxe4 Bb4+ 9. Nc3 c5 10. d5 0-0 11. Bd3 exd5 12. cxd5 Re8+ 13. Kf1 Bg4 14. h3 Bh5 15. Bb5 Nbd7 16. Bxf6 Nxf6 17. Bxe8 Qxe8 18. Qd3 Rd8 19. Re1 Qf8 20. Re5 Bg6 21. Qc4 Nd7 22. Re3 Bxc3 23. Rxc3 Nb6 24. Qxc5 Nxa4 25. Qxf8+ Kxf8 26. Ra3 Rxd5 27. Rxa4 Rd1+ 28. Ne1 Bd3+ 29. Kg1 Rxe1+ 30. Kh2 Re2 31. Rxa5 Rxf2 32. Ra8+ Ke7 33. Re1+ Kf6 34. Rd8 Bc4 35. Re4 b5 36. b4 Rb2 37. Rd7 g5 38. Rd6+ Kg7 39. h4 h6 40. hxg5 hxg5 41. Re5 Ra2 42. Rxg5+ Kf8 43. Rd7 Rb2 44. Rb7 Rd2 45. Kh3 Bf1 46. Rg4 Rf2 47. Kh2 Bc4 48. Rg5 Rd2 49. Rc7 Rd6 50. Rb7 1/2-1/2

[Event "USA-ch"]
[Site "Tulsa"]
[Date "2008.05.13"]
[Round "7"]
[White "Langer, Mikhail"]
[Black "Gulko, Boris F"]
[Result "0-1"]
[WhiteElo "2254"]
[BlackElo "2559"]
[PlyCount "61"]
[EventDate "2008.05.13"]
[EventType "swiss"]
[EventRounds "9"]
[EventCountry "USA"]
[SourceTitle "CBM 124 Extra"]
[Source "ChessBase"]
[SourceDate "2008.07.03"]
[SourceVersion "1"]
[SourceVersionDate "2008.07.03"]
[SourceQuality "1"]

1. e4 c5 2. Nf3 e6 3. d4 cxd4 4. Nxd4 a6 5. Bd3 Bc5 6. Nb3 Be7 7. Qg4 g6 8. 0-0 d6 9. Qe2 Nc6 10. Na3 Bf6 11. c3 Bg7 12. f4 b5 13. Nc2 Nf6 14. Be3 0-0 15. a4 bxa4 16. Rxa4 Bb7 17. Nbd4 Nb8 18. Bf2 Nbd7 19. b4 Qc7 20. Ra3 Rfe8 21. Bh4 e5 22. fxe5 Rxe5 23. Nf3 Ree8 24. Nd2 a5 25. bxa5 Rxa5 26. Rxa5 Qxa5 27. Bb5 Rf8 28. Rf3 Qc7 29. Nd4 Ng4 30. Nc4 Nc5 31. Rf1 0-1

[Event "Cappelle op 24th"]
[Site "Cappelle la Grande"]
[Date "2008.02.18"]
[Round "3"]
[White "Borsuk, Angela"]
[Black "Gulko, Boris F"]
[Result "0-1"]
[WhiteElo "2312"]
[BlackElo "2550"]
[PlyCount "56"]
[EventDate "2008.02.16"]
[EventType "swiss"]
[EventRounds "9"]
[EventCountry "FRA"]
[SourceTitle "CBM 122 Extra"]
[Source "ChessBase"]
[SourceDate "2008.03.04"]
[SourceVersion "1"]
[SourceVersionDate "2008.03.04"]
[SourceQuality "1"]

1. d4 e6 2. Nf3 c5 3. e3 Nf6 4. Bd3 b6 5. 0-0 Bb7 6. c4 g6 7. Nc3 Bg7 8. b3 0-0 9. Bb2 Nc6 10. Rc1 cxd4 11. exd4 d5 12. cxd5 Nxd5 13. Nxd5 Qxd5 14. Bc4 Qd6 15. Qe2 Nxd4 16. Nxd4 Bxd4 17. Bxd4 Qxd4 18. Rfd1 Qf6 19. Rd7 Bxg2 20. Qe3 Bc6 21. Rc7 Bd5 22. Bxd5 exd5 23. Rd7 Qf5 24. Rcc7 Rae8 25. Re7 d4 26. Qd2 Rxe7 27. Rxe7 a5 28. Rb7 Qb1+ 0-1

[Event "Lubbock SPICE Cup"]
[Site "Lubbock"]
[Date "2007.11.16"]
[Round "9"]
[White "Perelshteyn, Eugene"]
[Black "Gulko, Boris F"]
[Result "1/2-1/2"]
[WhiteElo "2536"]
[BlackElo "2571"]
[PlyCount "60"]
[EventDate "2007.11.09"]
[EventType "tourn"]
[EventRounds "9"]
[EventCountry "USA"]
[EventCategory "12"]
[SourceTitle "EXT 2008"]
[Source "ChessBase"]
[SourceDate "2007.11.25"]
[SourceVersion "1"]
[SourceVersionDate "2007.11.25"]
[SourceQuality "1"]

1. d4 Nf6 2. c4 e6 3. Nf3 b6 4. g3 Bb7 5. Bg2 Be7 6. 0-0 0-0 7. d5 exd5 8. Nh4 c6 9. cxd5 Nxd5 10. Nf5 Nc7 11. e4 d5 12. Nc3 Re8 13. Bf4 Nba6 14. Qg4 g6 15. Nh6+ Kg7 16. Nf5+ Kh8 17. Nh6 Rf8 18. Rad1 Bf6 19. exd5 Nxd5 20. Ne4 Bc8 21. Qe2 Nxf4 22. Nxf7+ Kg7 23. gxf4 Qe7 24. Ne5 Bxe5 25. fxe5 Qxe5 26. f4 Qe7 27. Qc4 Nc5 28. Qc3+ Kg8 29. Nxc5 Qxc5+ 30. Qxc5 bxc5 1/2-1/2